Botanicals as Ecofriendly Pesticides (Record no. 20745)
[ view plain ]
| 000 -LEADER | |
|---|---|
| fixed length control field | 00630cam a22002177a 4500 |
| 020 ## - INTERNATIONAL STANDARD BOOK NUMBER | |
| ISBN | 1416029540 |
| 020 ## - INTERNATIONAL STANDARD BOOK NUMBER | |
| ISBN | 9781416029540 |
| 040 ## - CATALOGING SOURCE | |
| Transcribing agency | DLC |
| 082 ## - DEWEY DECIMAL CLASSIFICATION NUMBER | |
| Classification number | 632 MAH 2007 A118 Or. |
| 245 00 - TITLE STATEMENT | |
| Title | Botanicals as Ecofriendly Pesticides |
| 250 ## - EDITION STATEMENT | |
| Edition statement | 2nd ed. |
| 260 ## - PUBLICATION, DISTRIBUTION, ETC. (IMPRINT) | |
| Place of publication | Philadelphia, PA : |
| Name of publisher | Saunders Elsevier, |
| Year of publication | c2007. |
| 300 ## - PHYSICAL DESCRIPTION | |
| Number of Pages | xxiv, 1238 p. : |
| Other physical details | ill. ; |
| Dimensions | 29 cm. |
| 650 #0 - SUBJECT ADDED ENTRY--TOPICAL TERM | |
| Topical Term | Integrative medicine. |
| 650 12 - SUBJECT ADDED ENTRY--TOPICAL TERM | |
| Topical Term | Complementary Therapies |
| 650 22 - SUBJECT ADDED ENTRY--TOPICAL TERM | |
| Topical Term | Preventive Medicine |
| 650 22 - SUBJECT ADDED ENTRY--TOPICAL TERM | |
| Topical Term | Primary Health Care |
| 700 1# - ADDED ENTRY--PERSONAL NAME | |
| Personal name | Rakel, David. |
| 856 41 - ELECTRONIC LOCATION AND ACCESS | |
| Uniform Resource Identifier | http://www.loc.gov/catdir/toc/ecip071/2006031591.html |
| 942 ## - ADDED ENTRY ELEMENTS (KOHA) | |
| Koha item type | ADB |
| 952 ## - LOCATION AND ITEM INFORMATION (KOHA) | |
| Withdrawn status [LOCAL, KOHA] | 0 |
| Permanent Location | Date acquired | Koha item type | Lost status | Shelving location | Barcode | Current Location | Full call number |
|---|---|---|---|---|---|---|---|
| Library Block A | 2022-11-23 | ADB | A118 | a069906 | Library Block A | 632 MAH 2007 A118 Or. |